000 02656nam a22002777a 4500
005 20260427114033.0
007 cr |||aaa|||||
008 260427s2012 mx| |||| |||| 000 0 spa d
040 _aMX-MxUPN
_bspa
_eaacr2
041 0 _aspa
050 4 _aLB2335 M6
245 _aEl trabajo y las pensiones de los académicos en las universidades del siglo XXI
_h[recurso electrónico en línea]
250 _a Primera edición
260 _a[México, D.F.] :
_bFontamara
260 _a[Cuernavaca] :
_bUniversidad Autónoma del Estado de Morelos,
_c[2012?]
300 _a1 recurso en línea (256 páginas) :
_bPDF
490 0 _a[Colección Argumentos ;
_v154]
505 0 _tGeneralidades de los sistemas de pensiones /
_rMaría Ascensión Morales Ramírez. --
_tPensiones y jubilaciones en los sistemas públicos nacionales /
_rCarlos Contreras Cruz. --
_tLa notoria inconstitucionalidad de las reformas hechas a las leyes federales de seguridad social en México /
_rÁngel Guillermo Ruiz Moreno. --
_tLos estímulos al desempeño docente no causan impuesto sobre la renta /
_rJuan Manuel Ortega Maldonado. --
_tLas pensiones y jubilaciones para los trabajadores académicos de la Universidad Autónoma del Estado de Morelos /
_rGabriel Mendizábal Bermúdez, Iván Ruiz Soto. --
_tLa jubilación laboral y las pensiones para el retiro en la Universidad Autónoma de Chiapas /
_rJulio Ismael Camacho Solís. --
_tFideicomisos, una solución al problema de las pensiones en las universidades públicas /
_rJacinto García Flores. --
_tLas pensiones de los trabajadores académicos de la Universidad Autónoma de Chihuahua /
_rJesús Villalobos Jión. --
_tLa inconstitucionalidad del sistema pensionario de la Universidad de Guadalajara /
_rÁngel Edoardo Ruiz Buenrostro. --
_tRetos y reformas de las pensiones por jubilación en la Universidad de Guanajuato /
_rMónica Colín Salgado, Salvador Francisco Ruiz Medrano. --
_tPeculiaridades de seguridad social del personal docente investigador de las universidades españolas /
_rJuan Pablo Maldonado Montoya. --
_tLa inconstitucionaliad del sistema de sueldos y pensiones de profesores y docentes en Alemania–Análisis de la sentencia del Tribunal Constitucional Federal de 14 de febrero de 2012 /
_rHans-Joachim Reinhard.
506 0 _aAcceso abierto
650 4 _aMaestros universitarios
_xSalarios, pensiones, etc.
_zMéxico
_959383
650 4 _aMaestros universitarios
_xSalarios, pensiones, etc.
_zEuropa
_959384
700 1 _aMendizábal Bermúdez, Gabriela
_959382
_ecoordinación
856 4 0 _uhttp://riaa.uaem.mx/handle/20.500.12055/171
902 _aVíctorGodínez/270426
942 _2lcc
_cLIBRO-E
999 _c215001
_d215001